Metody analiza i sinteza struktur upravljajuščich sistem

Saved in:
Bibliographic Details
Format: Book
Language:Russian
Published: Moskva Energoatomizdat 1988
Edition:1. izd.
Tags: Add Tag
No Tags, Be the first to tag this record!

MARC

LEADER 00000nam a2200000 4500
001 c033554
005 20240828070938.7
041 0 |a rus 
044 |a RU 
245 1 0 |a Metody analiza i sinteza struktur upravljajuščich sistem  |c Red. B.G. Volik 
250 |a 1. izd. 
264 1 |a Moskva  |b Energoatomizdat  |c 1988 
300 |a 295 s.